Teachings Of Swami Vivekananda (Record no. 1389622)

MARC details
000 -LEADER
fixed length control field 00674nam a2200265Ia 4500
008 - FIXED-LENGTH DATA ELEMENTS--GENERAL INFORMATION
fixed length control field 160620s9999||||xx |||||||||||||| ||und||
040 ## - CATALOGING SOURCE
Transcribing agency English
082 ## - DEWEY DECIMAL CLASSIFICATION NUMBER
Classification number XIC/Vivekananda
082 ## - DEWEY DECIMAL CLASSIFICATION NUMBER
Item number BORI-43679
100 ## - MAIN ENTRY--PERSONAL NAME
Personal name Swami Vivekananda
245 ## - TITLE STATEMENT
Title Teachings Of Swami Vivekananda
260 ## - PUBLICATION, DISTRIBUTION, ETC. (IMPRINT)
Name of publisher, distributor, etc swami Ananyananda
300 ## - PHYSICAL DESCRIPTION
Extent Xxxix+298
300 ## - PHYSICAL DESCRIPTION
Dimensions F
300 ## - PHYSICAL DESCRIPTION
Accompanying material Paperback
530 ## - ADDITIONAL PHYSICAL FORM AVAILABLE NOTE
Uniform Resource Identifier <a href="00043679.pdf">00043679.pdf</a>
563 ## - BINDING INFORMATION
Binding note Study
600 ## - SUBJECT ADDED ENTRY--PERSONAL NAME
Personal name Swami Vivekananda
630 ## - SUBJECT ADDED ENTRY--UNIFORM TITLE
Uniform title Teachings Of Swami Vivekananda
650 ## - SUBJECT ADDED ENTRY--TOPICAL TERM
Topical term or geographic name as entry element General Indology
650 ## - SUBJECT ADDED ENTRY--TOPICAL TERM
Topical term or geographic name as entry element Philosophy
700 ## - ADDED ENTRY--PERSONAL NAME
Personal name Swami Vivekananda
730 ## - ADDED ENTRY--UNIFORM TITLE
Uniform title Teachings Of Swami Vivekananda
942 ## - ADDED ENTRY ELEMENTS (KOHA)
Koha item type Book

No items available.